MARC

Tag First Indicator Second Indicator Subfields
LEADER 00000cam a2200000 i 4500
001 in00004562607
003 OCoLC
005 20211116162405.6
007 ta
008 200416t20212021nyu d 000 f eng
010 |a  2020017545 
024 8 |a 40030990125 
040 |a DLC  |b eng  |e rda  |c DLC  |d YDX  |d BDX  |d NZ1  |d JAO  |d OCLCO  |d ILC  |d OCLCF  |d TXSCH  |d UND  |d TJT  |d JYJ  |d FMG  |d OI6  |d TCH  |d IUK  |d MLSOD  |d DYJ  |d KYC  |d EHH  |d CLE  |d OQX  |d T3Q  |d WAN  |d OCLCQ  |d YDX  |d NhCcYBP 
019 |a 1162989194  |a 1226441317  |a 1234450171  |a 1242064064  |a 1242941344  |a 1245862638  |a 1247654307  |a 1249102480  |a 1249452389  |a 1258031261 
020 |a 9781534445451  |q hardcover 
020 |a 1534445455  |q hardcover 
020 |z 9781534445475  |q electronic book 
035 |a (OCoLC)1151488317  |z (OCoLC)1162989194  |z (OCoLC)1226441317  |z (OCoLC)1234450171  |z (OCoLC)1242064064  |z (OCoLC)1242941344  |z (OCoLC)1245862638  |z (OCoLC)1247654307  |z (OCoLC)1249102480  |z (OCoLC)1249452389  |z (OCoLC)1258031261 
037 |b Simon & Schuster, 100 Front st, Riverside, NJ, USA, 08075-7500  |n SAN 200-2442 
042 |a pcc  |a lcac 
050 0 0 |a PZ7.1.M6727  |b Cos 2021 
050 4 |a PS3613.O7613  |b C67 2021 
082 0 4 |a 813/.6  |a [Fic]  |2 23 
100 1 |a Morris, Brittney,  |e author. 
245 1 4 |a The cost of knowing /  |c Brittney Morris. 
250 |a First edition. 
264 1 |a New York :  |b Simon and Schuster Books for Young Readers,  |c [2021] 
264 4 |c Â©2021 
300 |a 327 pages ;  |c 22 cm 
336 |a text  |b txt  |2 rdacontent 
337 |a unmediated  |b n  |2 rdamedia 
338 |a volume  |b nc  |2 rdacarrier 
521 |a Ages 12 up. 
521 |a Grades 8-12. 
520 |a Sixteen-year-old Alex Rufus's curse of seeing the future distracts him from being and doing his best, but when he sees his little brother Isaiah's imminent death, he races against time, death, and circumstances to save him. 
520 |a As much as Alex Rufus tries, he often comes up short. It is hard to for him to be present when every time he touches an object or person, Alex sees into its future. When he touches his car, he sees it years from now, totaled and underwater. When he touches Talia, he sees them at the precipice of breaking up, and that terrifies him. These visions are a curse, distracting him, making him anxious and unable to live an ordinary life. And then Alex touches a photo that gives him a vision of his brother Isaiah's imminent death. Now the brothers grapple with their past, their future, and what it means to be a young Black man in America in the present. -- adapted from jacket 
546 |a In English. 
650 0 |a Clairvoyance  |v Juvenile fiction. 
650 0 |a African Americans  |v Juvenile fiction. 
650 0 |a Brothers  |v Juvenile fiction. 
650 0 |a Dating (Social customs)  |v Juvenile fiction. 
650 0 |a Racism against Blacks  |v Juvenile fiction. 
650 0 |a Orphans  |v Juvenile fiction. 
650 1 |a Clairvoyance  |v Fiction. 
650 1 |a African Americans  |v Fiction. 
650 1 |a Brothers  |v Fiction. 
650 1 |a Dating (Social customs)  |v Fiction. 
650 1 |a Racism  |v Fiction. 
650 1 |a Orphans  |v Fiction. 
650 7 |a African Americans.  |2 fast  |0 (OCoLC)fst00799558 
650 7 |a Brothers.  |2 fast  |0 (OCoLC)fst00839665 
650 7 |a Clairvoyance.  |2 fast  |0 (OCoLC)fst00863215 
650 7 |a Dating (Social customs)  |2 fast  |0 (OCoLC)fst00888094 
650 7 |a Orphans.  |2 fast  |0 (OCoLC)fst01048433 
650 7 |a Racism.  |2 fast  |0 (OCoLC)fst01086616 
650 7 |a Clairvoyance  |v Juvenile fiction.  |2 sears 
650 7 |a African Americans  |v Juvenile fiction.  |2 sears 
650 7 |a Brothers  |v Juvenile fiction.  |2 sears 
650 7 |a Dating (Social customs)  |v Juvenile fiction.  |2 sears 
650 7 |a Orphans  |v Juvenile fiction.  |2 sears 
650 7 |a Clairvoyance  |v Fiction.  |2 sears 
650 7 |a African Americans  |v Fiction.  |2 sears 
650 7 |a Brothers  |v Fiction.  |2 sears 
650 7 |a Dating (Social customs)  |v Fiction.  |2 sears 
650 7 |a Racism  |v Fiction.  |2 sears 
650 7 |a Orphans  |v Fiction.  |2 sears 
650 7 |a YOUNG ADULT FICTION / Social Themes / Prejudice & Racism.  |2 bisacsh 
650 7 |a YOUNG ADULT FICTION / Family / Siblings.  |2 bisacsh 
650 7 |a YOUNG ADULT FICTION / People & Places / United States / African American & Black.  |2 bisacsh 
655 0 |a Young adult fiction. 
655 7 |a Fiction.  |2 fast  |0 (OCoLC)fst01423787 
655 7 |a Juvenile works.  |2 fast  |0 (OCoLC)fst01411637 
655 7 |a Novels.  |2 fast  |0 (OCoLC)fst01921742 
655 7 |a Paranormal fiction.  |2 fast  |0 (OCoLC)fst01921727 
655 7 |a Science fiction.  |2 fast  |0 (OCoLC)fst01726489 
655 7 |a Young adult works.  |2 fast  |0 (OCoLC)fst01726790 
655 7 |a Young adult fiction.  |2 gsafd 
655 7 |a Novels.  |2 lcgft 
655 7 |a Paranormal fiction.  |2 lcgft 
655 7 |a Science fiction.  |2 lcgft 
776 0 8 |i Online version:  |a Morris, Brittney.  |t Cost of knowing.  |b First Simon Pulse hardcover edition.  |d New York : Simon Pulse, 2021  |z 9781534445475  |w (DLC) 2020017546  |w (OCoLC)1151538231 
945 |b 248939 
947 |a A14851682154 
980 |b print  |c 40030990125  |g 565712  |k USD  |m 17.09  |q 1  |s AcqMono Conventional  |t Approval plan  |u Vendor order reference number  |v ZYBP  |y Print approval  |z Physical resource 
999 f f |i 50adc3f9-6a8d-4d1c-8a6b-adfe20432fc5  |s 16324c9c-4138-4d5d-986e-c40c42f992e3  |t 0 
952 f f |p normal  |a Texas A&M University  |b College Station  |c Sterling C. Evans Library  |s Evans curr  |d Evans: Curriculum Collection (4th floor)  |t 0  |e PZ7.1.M6727 Cos 2021  |h Library of Congress classification  |i unmediated -- volume  |m A14851682154